Animal Farm Animals Who Have Names - Statistics

General Stats
  • This quiz has been taken 262 times
  • The average score is 4 of 15
Answer Stats
Hint Answer % Correct
sly raven moses
70%
motherly horse clover
63%
propaganda pig squealer
60%
wise boar old major
39%
vain horse mollie
36%
ethical goat muriel
31%
strong horse boxer
25%
loyal dog bluebell
24%
taster pig pinkeye
21%
cynical donkey benjamin
17%
smart pig snowball
17%
evil pig napoleon
16%
benevolent dog jessie
12%
bully dog pincher
6%
poetic pig minimus
5%
No matching quizzes found
Score Distribution
Percent of People with Each Score
Percentile by Number Answered
Your Score History
You have not taken this quiz